000 00662nam a2200229Ia 4500
003 OSt
005 20220924122309.0
006 a|||||r|||| 00| 0
007 ta
008 220923b |||||||| |||| 00| 0 urd d
024 _a323416
037 _cTextual
040 _aARTS
_cARTS
_burd
041 _2urd
_aurd
082 _aV46xH32, 168J4;L4
100 _aNadvi Mohammad Haneef Au.
_9188358
245 0 _aAfkar-e-Ibne Khaldoon
260 _aLahore
_bMatbuat-e-idarah-e-saqafat Pakistan
_c1974
650 _aISLAM - HISTORY
942 _hV46xH32, 168J4;L4
_cTEXL
_2CC
999 _c411108
_d411108